phone brands - Statistics

General Stats
  • This quiz has been taken 1,067 times
  • The average score is 4 of 15
Answer Stats
Hint Answer % Correct
samsung
95%
apple
93%
nokia
66%
sony
39%
blackberry
33%
htc
27%
hp
7%
acer
6%
panasonic
6%
t mobile
6%
vodafone
6%
orange
5%
philips
3%
02
2%
virgin
2%
No matching quizzes found
Score Distribution
Percent of People with Each Score
Percentile by Number Answered
Your Score History
You have not taken this quiz